000 00344nam a2200133Ia 4500
005 20260328101447.0
008 260328s9999||||xx |||||||||||||| ||und||
100 _aSchleifer, Simone
245 0 _aArchitecture Materials :
_b Concrete /
_cSimone Schleifer
260 _bEvergreen
300 _a256 p.
650 _aARQUITECTURA CIVIL
942 _cBK
999 _c8510
_d8510